Normal view
MARC view
Entry Personal Name
001 - CONTROL NUMBER
- control field: 42727
003 - CONTROL NUMBER IDENTIFIER
- control field: ARRUPE
005 - DATE AND TIME OF LATEST TRANSACTION
- control field: 20181003102416.0
008 - FIXED-LENGTH DATA ELEMENTS
- fixed length control field: 181003|| aca||aabn | a|a d
040 ## - CATALOGING SOURCE
- Original cataloging agency: ARRUPE
- Transcribing agency: ARRUPE
100 ## - HEADING--PERSONAL NAME
- Personal name: Kee, Howard Clark.
670 ## - SOURCE DATA FOUND
- Source citation: Work cat.: (ARRUPE)0: Kee, Howard Clark., Medicine, miracle, and magic in New Testament times /, 1986.